Germany's Neighbors A-Z Minefield Quiz Stats

Quiz Updated May 11, 2017

Also try: 1 Border Countries
Challenge
Share
Tweet
Embed
Score 0/24 Timer 06:00
2 Plays Today
Letter Neighbor % Correct
A???
80.7%
B???
74.8%
F???
71.9%
D???
70.3%
C???
59.1%
P???
54.5%
I???
49.8%
E???
48%
N???
46.9%
S???
46.6%
H???
46.3%
L???
44.5%
Letter Neighbor % Correct
U???
35.9%
Q???
35%
G???
30.4%
Y???
30.3%
O???
28.5%
R???
26.4%
V???
24.8%
K???
24.5%
J???
22.6%
Z???
20.8%
M???
20%
T???
8.9%

You're not logged in!

Compare scores with friends on all Sporcle quizzes.
Sign Up with Email
OR
Log In

You Might Also Like...

Show Comments

Extras

Top Quizzes Today


Score Distribution

Your Account Isn't Verified!

In order to create a playlist on Sporcle, you need to verify the email address you used during registration. Go to your Sporcle Settings to finish the process.